[Event "40th Bosna Open"]
[Site "Sarajevo BIH"]
[Date "2010.05.05"]
[Round "1"]
[White "Tutic,R"]
[Black "Martinovic,Sa"]
[Result "0-1"]
[WhiteElo "2195"]
[BlackElo "2515"]
[EventDate "2010.05.05"]

1. e4 e6 2. d4 d5 3. Nc3 Bb4 4. Nge2 dxe4 5. a3 Bxc3+ 6. Nxc3 Nc6 7. Bb5
Nge7 8. Bg5 f6 9. Be3 O-O 10. Nxe4 f5 11. Nc3 f4 12. Bd2 Nxd4 13. Bd3 e5
14. Ne4 Bf5 15. c3 Ne6 16. Qc2 Qd5 17. O-O-O Rad8 18. Be1 Nc5 19. Nxc5 Qxc5
20. Bxf5 Rxd1+ 21. Qxd1 Nxf5 22. Qb3+ Kh8 23. Qxb7 Rd8 24. Qe4 Qd6 25. Qe2
Qd5 26. Rg1 Qa2 27. Kc2 Rb8 28. Kd3 Qb1+ 29. Kc4 Nd6+ 30. Kd5 Qf5 0-1

[Event "40th Bosna Open"]
[Site "Sarajevo BIH"]
[Date "2010.05.05"]
[Round "1"]
[White "Sebenik,M"]
[Black "Mrndjic,M"]
[Result "1-0"]
[WhiteElo "2515"]
[BlackElo "2184"]
[EventDate "2010.05.05"]

1. d4 d5 2. c4 c6 3. Nf3 Nf6 4. e3 Nbd7 5. Bd3 e6 6. b3 Bd6 7. Bb2 O-O 8.
O-O Qe7 9. Ne5 c5 10. Nd2 b6 11. cxd5 exd5 12. f4 Bb7 13. Qf3 Rfe8 14. Qh3
Nf8 15. f5 cxd4 16. exd4 Bb4 17. Ndf3 h6 18. a3 Bd6 19. Rae1 Qd8 20. g4 Ne4
21. f6 Qxf6 22. Nd2 Ng5 23. Qh5 Qe7 24. h4 Nh3+ 25. Kg2 f6 26. Kxh3 fxe5
27. dxe5 Bc7 28. e6 d4 29. Qf7+ 1-0

[Event "40th Bosna Open"]
[Site "Sarajevo BIH"]
[Date "2010.05.05"]
[Round "1"]
[White "Sadikovic,S"]
[Black "Prohaszka,P2"]
[Result "0-1"]
[WhiteElo "2177"]
[BlackElo "2510"]
[EventDate "2010.05.05"]

1. e4 c6 2. d4 d5 3. f3 e6 4. Nc3 Bb4 5. Bf4 Nd7 6. a3 Ba5 7. exd5 cxd5 8.
b4 Bc7 9. Qd2 a6 10. Bd3 Qh4+ 11. g3 Bxf4 12. Qxf4 Qxf4 13. gxf4 Ne7 14.
Nge2 Nb6 15. Rg1 g6 16. Nd1 Bd7 17. Ne3 h5 18. Kd2 Nec8 19. Nc3 Nd6 20.
Rad1 Kf8 21. Ne2 Rc8 22. Nc1 Bb5 23. Nb3 Bxd3 24. cxd3 Nd7 25. Nc5 Nb8 26.
Rc1 Ke7 27. Rge1 Kf6 28. Re2 b6 29. Nb3 Rxc1 30. Kxc1 Rc8+ 31. Kd2 Nb5 32.
Nc2 Rc3 33. Nba1 Rc7 34. Rg2 Kf5 35. Ke3 Nc3 36. Rg5+ Kf6 37. Rg1 Na4 38.
Rb1 Nc6 39. Kd2 Na7 40. Nb3 Nb5 41. Rg1 Rc3 42. Nca1 Nxa3 43. Rc1 Nb5 44.
Ke3 Rxc1 45. Nxc1 Nac3 46. Nc2 a5 47. Nb3 a4 48. Nc1 h4 49. Ne1 h3 50. Nc2
Kf5 51. Ne1 Nd1+ 52. Kd2 Nbc3 53. Ne2 Nxe2 54. Kxe2 Nc3+ 55. Kd2 Nb5 56.
Ke3 a3 57. Nc2 a2 58. Na1 Na3 0-1

[Event "40th Bosna Open"]
[Site "Sarajevo BIH"]
[Date "2010.05.05"]
[Round "1"]
[White "Rapport,R"]
[Black "Malachi,A"]
[Result "1-0"]
[WhiteElo "2509"]
[BlackElo "2166"]
[EventDate "2010.05.05"]

1. Nf3 Nf6 2. c4 g6 3. Nc3 Bg7 4. e4 d6 5. d4 O-O 6. Be2 e5 7. Be3 Ng4 8.
Bg5 f6 9. Bh4 g5 10. Bg3 Nc6 11. d5 Ne7 12. Nd2 Nh6 13. f3 f5 14. Bf2 Ng6
15. g3 fxe4 16. fxe4 b6 17. Be3 a6 18. h3 Nf7 19. Bg4 Nh6 20. Bxc8 Qxc8 21.
Qh5 Nf7 22. O-O Bf6 23. Rf5 Kg7 24. Raf1 Be7 25. Rxf7+ Rxf7 26. Rxf7+ Kxf7
27. Qxh7+ Kf6 28. Nf3 Nf4 1-0

[Event "40th Bosna Open"]
[Site "Sarajevo BIH"]
[Date "2010.05.05"]
[Round "1"]
[White "Bandic,A"]
[Black "Sengupta,D"]
[Result "0-1"]
[WhiteElo "2164"]
[BlackElo "2508"]
[EventDate "2010.05.05"]

1. e4 e6 2. d4 d5 3. exd5 exd5 4. Bd3 Nc6 5. c3 Bd6 6. Ne2 Nge7 7. Bf4 Bg4
8. f3 Bf5 9. O-O Qd7 10. Bxd6 Qxd6 11. Ng3 Bxd3 12. Qxd3 h5 13. Re1 g6 14.
Na3 O-O-O 15. Re2 Kb8 16. Rae1 h4 17. Nf1 g5 18. b4 Ng6 19. Qf5 Nf4 20. Re3
h3 21. gxh3 Nxh3+ 22. Kh1 a5 23. Nc2 axb4 24. cxb4 Nxb4 25. Rb3 Nc6 26.
Reb1 b6 27. Rb5 Na7 28. R5b3 Qf4 29. Nce3 Nc6 30. Qc2 Qxf3+ 31. Ng2 Qf2 32.
Nfe3 Qxc2 33. Nxc2 Nf2+ 34. Kg1 Ne4 35. Rd3 f5 36. Rc1 Rh6 37. Nce3 Ne7 38.
Rf1 Rdh8 39. h4 gxh4 40. Nf4 h3 41. Kh2 Nf6 42. Rg1 Rh4 43. Rf1 Kb7 44. a4
Ra8 45. Ra3 Ra5 46. Kg3 Rh8 47. Nxh3 Ne4+ 48. Kg2 Raa8 49. Nxf5 Rag8+ 50.
Kh2 Nxf5 51. Rxf5 Rg5 52. Rf7 Rgh5 0-1

[Event "40th Bosna Open"]
[Site "Sarajevo BIH"]
[Date "2010.05.05"]
[Round "1"]
[White "Rindlisbacher,L"]
[Black "Szabo,Krisz1"]
[Result "0-1"]
[WhiteElo "2147"]
[BlackElo "2506"]
[EventDate "2010.05.05"]

1. e4 c5 2. Nf3 d6 3. d4 cxd4 4. Nxd4 Nf6 5. Nc3 a6 6. Be3 e5 7. Nb3 Be6 8.
f3 Be7 9. Qd2 O-O 10. O-O-O a5 11. Bb5 Na6 12. Kb1 Nc7 13. Bb6 Qc8 14. a4
Nxb5 15. Nxb5 Qc4 16. Nc7 Rac8 17. Qxa5 Rxc7 18. Bxc7 Rc8 19. Rd3 Qxc7 20.
Qxc7 Rxc7 21. Nc1 h5 22. Rhd1 Rc5 23. c3 d5 24. b4 Rc8 25. exd5 Bf5 26. Kb2
Bxd3 27. Rxd3 Rd8 28. c4 Bxb4 29. Rb3 Bf8 30. Rxb7 Rc8 31. Kb3 Nxd5 0-1

[Event "40th Bosna Open"]
[Site "Sarajevo BIH"]
[Date "2010.05.05"]
[Round "1"]
[White "Brandenburg,D"]
[Black "Plass,M"]
[Result "1-0"]
[WhiteElo "2503"]
[BlackElo "2142"]
[EventDate "2010.05.05"]

1. e4 c5 2. c3 d5 3. exd5 Qxd5 4. d4 Nf6 5. Nf3 Bg4 6. dxc5 Qxd1+ 7. Kxd1
e5 8. b4 e4 9. h3 Bh5 10. g4 Nxg4 11. hxg4 Bxg4 12. Nbd2 exf3 13. Bd3 f5
14. Re1+ Kd8 15. Nc4 Nd7 16. Bg5+ Kc7 17. Bf4+ Kd8 18. Na5 Nf6 19. Nxb7+
Kc8 20. Ba6 Kd7 21. Kc2 Ne4 22. Rad1+ Ke6 23. Nd8+ Kf6 24. Bb7 Be7 25. Bxa8
Bxd8 26. Rd7 Bc7 27. Rxc7 Rxa8 28. Rd1 g5 29. Be3 h5 30. Rdd7 Ke5 31. Re7+
Kd5 32. Kd3 Nxc3 33. Red7+ Ke5 34. Bd4+ Kf4 35. Bxc3 1-0

[Event "40th Bosna Open"]
[Site "Sarajevo BIH"]
[Date "2010.05.05"]
[Round "1"]
[White "Bjelopoljak,S"]
[Black "Dizdarevic,E"]
[Result "0-1"]
[WhiteElo "2139"]
[BlackElo "2498"]
[EventDate "2010.05.05"]

1. c4 e6 2. d4 Nf6 3. g3 d5 4. Nc3 dxc4 5. e4 Bb4 6. Bg2 c5 7. Nge2 cxd4 8.
Nxd4 O-O 9. O-O Nbd7 10. a3 Be7 11. Be3 Ne5 12. h3 Nd3 13. b3 e5 14. Nf5
Be6 15. Nxe7+ Qxe7 16. Nd5 Bxd5 17. exd5 b5 18. bxc4 bxc4 19. Qc2 Rac8 20.
Bg5 e4 21. d6 Qxd6 22. Bxf6 Qxf6 23. Bxe4 Qd4 24. Bf5 Rc5 25. Bg4 h5 26.
Bf3 Rf5 27. Qe2 Re5 28. Qd1 Rfe8 29. Bxh5 g6 30. Bf3 Re1 31. Qxe1 Rxe1 32.
Raxe1 Nxe1 33. Rxe1 c3 34. Re8+ Kg7 35. Rc8 Qd2 36. Be4 Qe2 37. Kh2 Qxf2+
38. Bg2 c2 0-1

[Event "40th Bosna Open"]
[Site "Sarajevo BIH"]
[Date "2010.05.05"]
[Round "1"]
[White "Djukic,Ni"]
[Black "Hajdarevic,S"]
[Result "1-0"]
[WhiteElo "2495"]
[BlackElo "2131"]
[EventDate "2010.05.05"]

1. e4 e5 2. Nf3 Nc6 3. Bb5 a6 4. Ba4 Nf6 5. O-O Be7 6. Re1 b5 7. Bb3 O-O 8.
h3 d6 9. c3 Na5 10. Bc2 c5 11. d4 Qc7 12. Nbd2 Re8 13. Nf1 Bd7 14. b3 Rac8
15. d5 g6 16. Be3 Bf8 17. Qd2 Bg7 18. Rac1 Nb7 19. Bb1 a5 20. a3 Rf8 21.
Bg5 Ra8 22. N3h2 c4 23. b4 axb4 24. axb4 h5 25. Be3 Nh7 26. f4 f5 27. Nf3
Rf7 28. Nh4 Nf8 29. exf5 gxf5 30. Ng3 e4 31. Nxh5 Qd8 32. Qf2 Ra3 33. Bb6
Qe8 34. Re3 Bh6 35. Bd4 Qd8 36. Qg3+ Kh7 37. Rxe4 Ra1 38. Re6 1-0

[Event "40th Bosna Open"]
[Site "Sarajevo BIH"]
[Date "2010.05.06"]
[Round "2"]
[White "Wang Hao"]
[Black "Brandenburg,D"]
[Result "1-0"]
[WhiteElo "2722"]
[BlackElo "2503"]
[EventDate "2010.05.05"]

1. e4 c5 2. Nf3 d6 3. d4 cxd4 4. Nxd4 Nf6 5. Nc3 Nc6 6. Bg5 e6 7. Qd2 a6 8.
O-O-O Bd7 9. f4 b5 10. Bxf6 gxf6 11. Kb1 b4 12. Nce2 Qb6 13. g3 Rc8 14. Bh3
Nxd4 15. Nxd4 Qc5 16. Rhe1 Rc7 17. f5 e5 18. Nb3 Qb6 19. Bf1 Ke7 20. Qd5
Bh6 21. Na5 Qc5 22. Nc4 Qxd5 23. Rxd5 Bc6 24. Ra5 Bb7 25. Ra4 d5 26. exd5
Bxd5 27. Rxb4 Rd8 28. a3 a5 29. Ra4 Bxc4 30. Rxc4 Rxc4 31. Bxc4 Rd2 32. Re2
Rxe2 33. Bxe2 e4 34. c3 Kd6 35. Kc2 Ke5 36. g4 Kf4 37. b4 Ke3 38. Bb5 Bf8
39. Kb3 Bd6 40. h3 axb4 41. axb4 h6 42. c4 Kd4 43. c5 Bg3 44. Bc4 e3 45.
Be2 Bc7 46. Ka4 1-0

[Event "40th Bosna Open"]
[Site "Sarajevo BIH"]
[Date "2010.05.06"]
[Round "2"]
[White "Szabo,Krisz1"]
[Black "Efimenko,Z"]
[Result "1/2-1/2"]
[WhiteElo "2506"]
[BlackElo "2677"]
[EventDate "2010.05.05"]

1. e4 e5 2. Nf3 Nc6 3. Bb5 Nf6 4. Nc3 Bd6 5. O-O O-O 6. a3 Nd4 7. Bc4 c6 8.
d3 Bc7 9. h3 d5 10. Ba2 dxe4 11. dxe4 Be6 12. Bg5 Bxa2 13. Rxa2 Qd6 14. Ra1
Rad8 15. Qd3 h6 16. Bh4 Qe6 17. Nxd4 Rxd4 18. Qf3 Rfd8 19. Rfe1 b5 20. Nd1
Ba5 21. c3 Rd2 22. Ne3 Bb6 23. Rab1 R8d7 24. Kf1 Ne8 25. Qg4 Qxg4 26. Nxg4
f6 27. Nh2 Nd6 28. b3 Kf7 29. f3 Nb7 30. Re2 Rd1+ 31. Re1 R1d3 32. Rec1 h5
33. Be1 Bc5 34. a4 bxa4 35. bxa4 Na5 36. Ke2 Nc4 37. Nf1 g6 38. Ra1 f5 39.
exf5 gxf5 40. a5 f4 41. Ra4 Ne3 42. Nxe3 Bxe3 43. Rc2 R3d5 44. a6 Rb5 45.
Ra1 Ke6 46. Rca2 Rb3 47. Rc2 Bb6 48. Bd2 Kf5 49. Rca2 Rd5 50. Rc2 Ra5 51.
Rca2 Rxa2 52. Rxa2 Rb1 53. Be1 Ke6 54. Ra4 Rb2+ 55. Kf1 Rc2 56. Re4 Ra2 57.
g3 Kf5 58. gxf4 exf4 59. Rc4 Rxa6 60. Rxc6 Ra1 1/2-1/2

[Event "40th Bosna Open"]
[Site "Sarajevo BIH"]
[Date "2010.05.06"]
[Round "2"]
[White "Bologan,V"]
[Black "Krivoborodov,E"]
[Result "1/2-1/2"]
[WhiteElo "2668"]
[BlackElo "2490"]
[EventDate "2010.05.05"]

1. e4 c5 2. Nf3 d6 3. d4 cxd4 4. Nxd4 Nf6 5. Nc3 Nc6 6. Bg5 e6 7. Qd2 a6 8.
O-O-O Be7 9. f4 Nxd4 10. Qxd4 b5 11. Bxf6 gxf6 12. Bd3 Qc7 13. Qe3 Qc5 14.
Qg3 Bb7 15. Kb1 O-O-O 16. f5 Rdg8 17. Qh3 Qe5 18. Rhe1 Kb8 19. a4 b4 20.
Nd5 Bd8 21. Nxb4 Ba5 22. c3 Bxb4 23. cxb4 h5 24. Re2 Rg4 25. Qe3 Rc8 26. h3
Rg3 27. Qb6 Rc6 28. Qf2 Rc7 29. Rc2 Rxd3 30. Rxd3 Bxe4 31. Qb6+ Rb7 32.
Qxa6 Bxd3 33. Qxd3 Qe1+ 34. Ka2 Qxb4 35. b3 Rc7 36. Re2 e5 37. Rd2 Rc6 38.
Qd5 Qc3 39. Rb2 Qc1 40. g4 hxg4 41. hxg4 Kc8 42. Qe4 Kd7 43. a5 Qd1 44. g5
Rc1 45. Qb7+ Kd8 46. Qb8+ Kd7 47. Qb7+ Ke8 48. Qb8+ Kd7 1/2-1/2

[Event "40th Bosna Open"]
[Site "Sarajevo BIH"]
[Date "2010.05.06"]
[Round "2"]
[White "Saric,A"]
[Black "Sokolov,Ivan"]
[Result "1/2-1/2"]
[WhiteElo "2489"]
[BlackElo "2654"]
[EventDate "2010.05.05"]

1. Nf3 d5 2. d4 Nf6 3. c4 dxc4 4. e3 a6 5. Bxc4 e6 6. O-O Nbd7 7. a3 b5 8.
Be2 c5 9. dxc5 Nxc5 10. Qxd8+ Kxd8 11. Ne5 Ke8 12. b4 Na4 13. Bf3 Ra7 14.
e4 Nd7 15. Be3 Rc7 16. Nxd7 Bxd7 17. Bf4 Rc2 18. Bd1 Rc8 19. Bxa4 bxa4 20.
Nd2 f6 21. Rfc1 Kf7 22. Nc4 Be7 23. Nd6+ Bxd6 1/2-1/2

[Event "40th Bosna Open"]
[Site "Sarajevo BIH"]
[Date "2010.05.06"]
[Round "2"]
[White "Mamedov,Rau"]
[Black "Durarbeyli,V"]
[Result "1/2-1/2"]
[WhiteElo "2653"]
[BlackElo "2487"]
[EventDate "2010.05.05"]

1. e4 c5 2. Nf3 d6 3. d4 cxd4 4. Qxd4 Nc6 5. Bb5 Bd7 6. Bxc6 Bxc6 7. Nc3
Nf6 8. Bg5 e6 9. O-O-O Be7 10. Qd3 O-O 11. Nd4 Qc7 12. f4 Rfd8 13. Kb1 a6
14. h4 Rac8 15. Qe2 Be8 16. Nb3 h6 17. g4 b5 18. Bxf6 1/2-1/2

[Event "40th Bosna Open"]
[Site "Sarajevo BIH"]
[Date "2010.05.06"]
[Round "2"]
[White "D'Amore,C"]
[Black "Gustafsson,J"]
[Result "0-1"]
[WhiteElo "2484"]
[BlackElo "2640"]
[EventDate "2010.05.05"]

1. e4 c5 2. Nf3 d6 3. c3 Nf6 4. Be2 Bg4 5. Qb3 Qb6 6. e5 dxe5 7. Nxe5 Qxb3
8. axb3 Bxe2 9. Kxe2 Nfd7 10. Nc4 Nc6 11. d3 g6 12. Na5 Nd8 13. Be3 Bg7 14.
Rd1 b6 15. Nc4 Nc6 16. Nba3 O-O-O 17. Nc2 Kb7 18. b4 cxb4 19. Nxb4 Nxb4 20.
cxb4 Ne5 21. Ra2 Rd5 22. Nxe5 Bxe5 23. Bd2 Rc8 24. Rda1 Bb8 25. Bc3 Rc6 26.
Rd1 a6 27. Raa1 Bd6 28. h3 Bc7 29. Rac1 Bf4 30. Ra1 h5 31. g3 Bb8 32. Rd2
Rf5 33. Re1 Re6+ 34. Kd1 Rxe1+ 35. Kxe1 Bd6 36. h4 Kc6 37. f4 Rd5 38. Kd1
Kb5 39. Kc2 Bxb4 40. Re2 Bd6 41. Re4 e6 42. Rc4 Bc5 43. Re4 Bf2 44. Be1
Bxe1 45. Rxe1 Rc5+ 46. Kb3 a5 47. Re4 Rc1 48. Re5+ Kc6 49. d4 Rg1 50. Rg5
Re1 51. Kc3 Re3+ 52. Kc2 a4 53. Kd2 Rb3 0-1

[Event "40th Bosna Open"]
[Site "Sarajevo BIH"]
[Date "2010.05.06"]
[Round "2"]
[White "Stojanovic,Da"]
[Black "Vuckovic,Bo"]
[Result "1/2-1/2"]
[WhiteElo "2481"]
[BlackElo "2640"]
[EventDate "2010.05.05"]

1. e4 c5 2. Nf3 Nc6 3. d4 cxd4 4. Nxd4 Nf6 5. Nc3 e5 6. Ndb5 d6 7. Bg5 a6
8. Na3 b5 9. Nd5 Be7 10. Bxf6 Bxf6 11. c3 Rb8 12. Nc2 Bg5 13. a4 bxa4 14.
Ncb4 Nxb4 15. Nxb4 Bd7 16. Bxa6 Qa5 17. Qxd6 Rb6 18. Qd3 Be7 19. Nd5 Rxb2
20. O-O Qc5 21. c4 O-O 22. Bb5 Bxb5 23. cxb5 Ra8 24. Rac1 Qd6 25. Rb1 Rxb1
26. Nxe7+ Qxe7 27. Rxb1 a3 28. g3 Qc5 29. Ra1 g6 30. Qb3 Ra5 31. b6 Rb5 32.
Qxa3 Qxb6 33. Rc1 Rb1 1/2-1/2

[Event "40th Bosna Open"]
[Site "Sarajevo BIH"]
[Date "2010.05.06"]
[Round "2"]
[White "Ivanisevic,I"]
[Black "Pavlovic,Milo2"]
[Result "1/2-1/2"]
[WhiteElo "2630"]
[BlackElo "2478"]
[EventDate "2010.05.05"]

1. d4 Nf6 2. Nf3 g6 3. Nbd2 d5 4. c4 c6 5. e3 Bg7 6. b4 O-O 7. a4 Bg4 8. h3
Bxf3 9. Nxf3 Nbd7 10. Bb2 Ne4 11. Bd3 a5 12. b5 Nd6 13. cxd5 cxd5 14. O-O
Nb6 15. Qb3 Nbc4 16. Bc3 Rc8 17. Rfd1 e6 18. Rac1 b6 19. Rc2 Qe7 20. Be1
Rc7 21. Rdc1 Rfc8 22. Nh2 f5 23. Nf1 Bf6 24. Ng3 Qf7 25. Bf1 f4 26. exf4
Bxd4 27. Ne2 Bc5 28. g3 Nf5 29. Bg2 Ncd6 30. Bc3 Ne4 31. Bxe4 dxe4 32. Ba1
e5 33. Qxf7+ Kxf7 34. Kg2 exf4 35. Nxf4 Rd7 36. Re2 Re8 1/2-1/2

[Event "40th Bosna Open"]
[Site "Sarajevo BIH"]
[Date "2010.05.06"]
[Round "2"]
[White "Grandelius,N"]
[Black "Predojevic,B"]
[Result "1/2-1/2"]
[WhiteElo "2476"]
[BlackElo "2628"]
[EventDate "2010.05.05"]

1. d4 Nf6 2. c4 c5 3. d5 b5 4. cxb5 a6 5. bxa6 g6 6. Nc3 Bxa6 7. g3 d6 8.
Bg2 Bg7 9. Nf3 Nbd7 10. Rb1 Qa5 11. O-O O-O 12. Qc2 Nb6 13. Nd4 cxd4 14. b4
Bd3 15. Qxd3 Qa6 16. Nb5 Nfd7 17. Na3 Qxd3 18. exd3 Na4 19. Nc4 Nc3 20. Rb2
Rxa2 21. Rxa2 Nxa2 22. Bd2 Ne5 23. Nxe5 Bxe5 24. Ra1 Nc3 25. Ra7 1/2-1/2

[Event "40th Bosna Open"]
[Site "Sarajevo BIH"]
[Date "2010.05.06"]
[Round "2"]
[White "Zufic,M"]
[Black "Mamedov,Nid"]
[Result "1/2-1/2"]
[WhiteElo "2442"]
[BlackElo "2614"]
[EventDate "2010.05.05"]

1. e4 c5 2. Nf3 e6 3. d4 cxd4 4. Nxd4 a6 5. Nc3 Qc7 6. Bd3 Bc5 7. Nb3 Be7
8. O-O Nf6 9. f4 d6 10. e5 dxe5 11. fxe5 Nfd7 12. Qg4 g6 13. Bh6 Nxe5 14.
Qf4 Nbc6 15. Rae1 f5 16. Kh1 Bd6 17. Qh4 Be7 18. Qg3 Bd6 19. Qh4 Qd8 20.
Qh3 Qe7 21. Nd2 Qf7 22. Nc4 Nxc4 23. Bxc4 Bd7 24. Nd5 O-O-O 25. Nb6+ Kb8
26. Bg5 Ne5 27. Bxd8 Rxd8 28. Nxd7+ Qxd7 29. Bb3 Ng4 30. Bxe6 Qc7 31. g3
Bc5 32. Qg2 Ne3 33. Rxe3 Bxe3 34. Bd5 1/2-1/2

[Event "40th Bosna Open"]
[Site "Sarajevo BIH"]
[Date "2010.05.06"]
[Round "2"]
[White "Kleijn,C"]
[Black "Geetha,Narayanan Gopal"]
[Result "0-1"]
[WhiteElo "2431"]
[BlackElo "2604"]
[EventDate "2010.05.05"]

1. e4 c5 2. Nf3 d6 3. Nc3 a6 4. d4 cxd4 5. Nxd4 Nf6 6. g3 e5 7. Nde2 Nbd7
8. Bg2 b5 9. h3 Be7 10. a3 Bb7 11. g4 Nb6 12. Ng3 g6 13. g5 Nfd7 14. h4 Rc8
15. h5 Bxg5 16. hxg6 fxg6 17. Nf5 O-O 18. Nxd6 Bxc1 19. Rxc1 Qg5 20. Bh3
Rc7 21. Qd2 Qxd2+ 22. Kxd2 Rxf2+ 23. Ke3 Rf8 24. Be6+ Kg7 25. Rcg1 Nc5 26.
Ba2 Nca4 27. Nxa4 Nxa4 28. Rf1 Rxf1 29. Rxf1 Bc6 30. Nf7 Re7 31. Nd8 Bd7
32. b4 h5 33. c4 bxc4 34. Bxc4 Bb5 35. Bxb5 axb5 36. Nc6 Re6 37. Nd8 Rf6
38. Rd1 Nb6 39. Rc1 Nc4+ 40. Ke2 Rd6 0-1

[Event "40th Bosna Open"]
[Site "Sarajevo BIH"]
[Date "2010.05.06"]
[Round "2"]
[White "Lenic,L"]
[Black "Gerzhoy,L"]
[Result "1/2-1/2"]
[WhiteElo "2592"]
[BlackElo "2469"]
[EventDate "2010.05.05"]

1. c4 g6 2. Nc3 c5 3. Nf3 Bg7 4. d4 cxd4 5. Nxd4 Nc6 6. Nc2 Bxc3+ 7. bxc3
Nf6 8. f3 d6 9. e4 Be6 10. Ne3 O-O 11. Be2 Rc8 12. Nd5 Ne5 13. Qb3 Bxd5 14.
cxd5 Qc7 15. Bh6 Rfe8 16. Rc1 e6 17. Bg5 Nfd7 18. dxe6 Nc5 19. Qd5 Nxe6 20.
Be3 Nc4 21. Bxc4 Qxc4 22. Qxc4 Rxc4 23. Kf2 Rec8 24. Rhd1 Rxc3 25. Rxc3
Rxc3 26. Rxd6 Rc2+ 27. Rd2 Rxd2+ 28. Bxd2 Kf8 29. Be3 a6 30. f4 f5 31. Kf3
1/2-1/2

[Event "40th Bosna Open"]
[Site "Sarajevo BIH"]
[Date "2010.05.06"]
[Round "2"]
[White "Bitalzadeh,A"]
[Black "Stefansson,H"]
[Result "1-0"]
[WhiteElo "2420"]
[BlackElo "2588"]
[EventDate "2010.05.05"]

1. d4 Nf6 2. c4 e6 3. Nc3 Bb4 4. e3 O-O 5. Nge2 Re8 6. a3 Bf8 7. d5 d6 8.
g3 exd5 9. cxd5 c5 10. dxc6 bxc6 11. Bg2 d5 12. O-O Nbd7 13. Nd4 Ne5 14. f4
Nc4 15. Nxc6 Qb6 16. Nxd5 Nxd5 17. Qxd5 Nxe3 18. Bxe3 Rxe3 19. Qa5 Bb7 20.
Qxb6 axb6 21. Ne5 Bxg2 22. Kxg2 b5 23. Rf3 Re4 24. Rb3 Re2+ 25. Kf3 Rxh2
26. Rxb5 Rd8 27. Re1 Rdd2 28. Nc4 Rc2 29. b3 g6 30. Ke4 Rc3 31. Re3 f5+ 32.
Kd4 Bg7+ 33. Kd5 Rxe3 34. Nxe3 Rd2+ 35. Kc6 Bd4 36. Nc4 Rg2 37. Rd5 Bg1 38.
Rd3 h5 39. a4 g5 40. fxg5 1-0

[Event "40th Bosna Open"]
[Site "Sarajevo BIH"]
[Date "2010.05.06"]
[Round "2"]
[White "Fier,A"]
[Black "Neubauer,M"]
[Result "1-0"]
[WhiteElo "2581"]
[BlackElo "2458"]
[EventDate "2010.05.05"]

1. d4 d5 2. c4 c6 3. Nf3 Nf6 4. Nc3 dxc4 5. a4 Bf5 6. Nh4 Bd7 7. e4 e6 8.
Bxc4 Nxe4 9. Nxe4 Qxh4 10. Qf3 Bb4+ 11. Kf1 Be7 12. Bf4 O-O 13. h3 f5 14.
Nc5 Bxc5 15. dxc5 Kh8 16. Qe3 e5 17. Qxe5 Na6 18. g3 Qf6 19. Rd1 Be8 20.
Qe2 Bf7 21. Bxa6 Rae8 22. Rd6 Rxe2 23. Rxf6 Rxb2 24. Rxf7 Rxf7 25. Bc4 Rb1+
26. Kg2 Rxh1 27. Kxh1 Re7 28. Bd3 Re1+ 29. Kg2 Ra1 30. Bxf5 Rxa4 31. Kf3 g6
32. Bc2 Ra3+ 33. Ke4 Kg7 34. Kd4 Rf3 35. Be3 h5 36. Be4 Rf8 37. Kc3 g5 38.
f4 gxf4 39. gxf4 Kf6 40. Bd4+ Ke7 41. Be5 Rg8 42. f5 Rg1 43. Kd2 h4 44. Bd3
b5 45. Be4 Kd7 46. f6 Ke6 47. Bd4 Rg3 48. Bxc6 b4 49. Be4 Rxh3 50. c6 Rg3
51. f7 Kxf7 52. c7 Rg8 53. Bd5+ 1-0

[Event "40th Bosna Open"]
[Site "Sarajevo BIH"]
[Date "2010.05.06"]
[Round "2"]
[White "Van Oosterom,C"]
[Black "Brkic,A"]
[Result "1/2-1/2"]
[WhiteElo "2416"]
[BlackElo "2573"]
[EventDate "2010.05.05"]

1. c4 e6 2. g3 d5 3. Bg2 dxc4 4. Qc2 Nf6 5. Qxc4 c5 6. b3 Be7 7. Bb2 O-O 8.
Nf3 a6 9. O-O Nc6 10. Ne5 Nxe5 11. Bxe5 Nd5 12. Nc3 Nb6 13. Qd3 Qxd3 14.
exd3 Nd7 15. Bc7 Ra7 16. Ne4 b6 17. Bd6 Bxd6 18. Nxd6 Rd8 19. Rfc1 Ne5 20.
Nxc8 Rxc8 21. d4 Nd7 22. dxc5 Rxc5 23. d4 Rcc7 24. d5 exd5 25. Bxd5 Kf8 26.
Kg2 Rc5 27. Rxc5 Nxc5 28. b4 Nd3 29. Be4 Rd7 30. b5 Nc5 31. Bf5 Ra7 32.
bxa6 Rxa6 33. a3 g6 34. Bc2 b5 35. Rb1 Ra5 36. Rb4 Ke7 37. Bd1 Kd6 38. Be2
Kc6 39. Bf3+ Kb6 40. Be2 Kc6 41. Bf3+ 1/2-1/2

[Event "40th Bosna Open"]
[Site "Sarajevo BIH"]
[Date "2010.05.06"]
[Round "2"]
[White "Kovacevic,A"]
[Black "Pruijssers,R"]
[Result "1-0"]
[WhiteElo "2573"]
[BlackElo "2443"]
[EventDate "2010.05.05"]

1. c4 Nf6 2. Nc3 g6 3. e4 d6 4. d4 Bg7 5. Nf3 O-O 6. Be2 e5 7. Be3 Ng4 8.
Bg5 f6 9. Bh4 g5 10. Bg3 Nh6 11. h3 Nc6 12. d5 Ne7 13. Qd2 c5 14. dxc6 bxc6
15. O-O Nf7 16. Rfd1 Be6 17. Nh2 f5 18. f3 Qc7 19. Bf2 Rad8 20. Qc2 d5 21.
exd5 cxd5 22. Nb5 Qb7 23. cxd5 Rxd5 24. Nxa7 Ra5 25. Bc4 Bxc4 26. Qxc4 Rxa7
27. Bxa7 Qxa7+ 28. Kh1 Rc8 29. Qb3 Rb8 30. Rd7 Qxd7 31. Qxb8+ Nd8 32. a4
Nec6 33. Qb5 Qb7 34. Rc1 Qxb5 35. axb5 Na5 36. Rc8 Nab7 37. g4 f4 38. Nf1
e4 39. fxe4 Bxb2 40. Nd2 Kf7 41. Rc7+ Ke6 42. Rxh7 Nf7 43. Nf3 Kf6 44. h4
gxh4 45. Rh5 Nbd6 46. b6 Ne5 47. Rh6+ Ke7 48. b7 Nxb7 49. Nxe5 Bxe5 50.
Rh7+ Kf6 51. Rxb7 f3 52. Rb5 h3 53. g5+ Ke6 54. Rb3 Kf7 55. Rxf3+ Kg6 56.
Rxh3 Kxg5 57. Rf3 1-0

[Event "40th Bosna Open"]
[Site "Sarajevo BIH"]
[Date "2010.05.06"]
[Round "2"]
[White "Rachela,M"]
[Black "Bosiocic,Mari"]
[Result "0-1"]
[WhiteElo "2400"]
[BlackElo "2562"]
[EventDate "2010.05.05"]

1. Nf3 f5 2. d3 Nc6 3. e4 e5 4. Nc3 Nf6 5. exf5 d5 6. d4 exd4 7. Nxd4 Nxd4
8. Qxd4 Bxf5 9. Bf4 c6 10. O-O-O Be7 11. Qe5 Qd7 12. Re1 Kf7 13. Qd4 Rae8
14. Bd3 Bxd3 15. Qxd3 Rhf8 16. Re2 Bc5 17. Rhe1 Bxf2 18. Rf1 Rxe2 19. Nxe2
Bb6 20. Bg5 Kg8 21. Bxf6 Bd8 22. Qa3 Bxf6 23. Kd1 Re8 24. Qxa7 Bxb2 25. Qc5
Be5 26. h3 Ra8 27. Nc1 Bd6 28. Qd4 Qe8 29. Qg4 h6 30. Re1 Qf7 31. Re3 Kh7
32. Qe2 Rf8 33. Rf3 Qd7 34. Rxf8 Bxf8 35. Nd3 Kg8 36. Ne1 Qe7 37. Qg4 Qf6
38. Qc8 b5 39. Ke2 Kh7 40. Nf3 Bb4 41. Qg4 c5 42. Qd7 Qg6 43. Kd1 Qxg2 44.
Qf5+ Qg6 45. Qxd5 Qf6 46. Ke2 Qe7+ 47. Ne5 g6 48. Kd3 c4+ 49. Kd4 Qa7+ 50.
Ke4 Bc3 51. Qf7+ Qxf7 52. Nxf7 Bb4 53. Nd8 h5 54. Ne6 Be7 55. Nc7 b4 56.
Nd5 Bf8 57. Ne3 c3 58. Ke5 Kg7 59. Ke6 Kh6 60. Kf6 Bg7+ 61. Kf7 Bd4 62. Nd5
g5 63. Ne7 g4 64. h4 Kh7 65. Ng6 Be3 66. Ne5 g3 0-1

[Event "40th Bosna Open"]
[Site "Sarajevo BIH"]
[Date "2010.05.06"]
[Round "2"]
[White "Nevednichy,V"]
[Black "Manik,M"]
[Result "1-0"]
[WhiteElo "2560"]
[BlackElo "2440"]
[EventDate "2010.05.05"]

1. e4 e5 2. Bc4 Nf6 3. d3 c6 4. Nf3 d5 5. Bb3 Bd6 6. exd5 cxd5 7. Bg5 Be6
8. Nc3 Bc7 9. O-O Nc6 10. Re1 a6 11. Bh4 O-O 12. h3 Re8 13. Ng5 Nd4 14.
Nxe6 fxe6 15. Bg3 Nd7 16. Nb1 Nf5 17. Bh2 Bb6 18. Rf1 Rf8 19. Nd2 Kh8 20.
c3 Nh4 21. Qg4 Rf5 22. Bg3 Ng6 23. Kh1 Nf6 24. Qb4 Nf4 25. Bc2 N6h5 26. d4
e4 27. Nxe4 dxe4 28. Bxe4 Rb5 29. Qa3 Nxg3+ 30. fxg3 Nh5 31. Rf3 Bc7 32. c4
Ra5 33. Qd3 Qd6 34. c5 Nxg3+ 35. Kg1 Qxd4+ 36. Qxd4 Ne2+ 37. Kh1 Nxd4 38.
Rd3 Nc6 39. Rd7 Be5 40. Rad1 Rf8 41. Rxb7 Rxc5 42. Rb6 Nb8 43. b3 Bg3 44.
Rxe6 a5 45. a3 Rc3 46. Rb6 Nd7 47. Rb5 Nc5 48. Bf3 Nxb3 49. Rf5 Rcc8 50.
Rg5 Bf4 51. Rb5 Rb8 52. Rbd5 g6 53. h4 a4 54. h5 Rf7 55. Be4 Kg7 56. g3 Bc1
57. hxg6 hxg6 58. Rd6 Rf6 59. Rd7+ Kf8 60. Rh7 Re8 61. Rdd7 Kg8 62. Rdg7+
Kf8 63. Rc7 Rf1+ 64. Kg2 Bb2 65. Bc6 Be5 66. Ra7 Rd1 67. Bxe8 Rd2+ 68. Kf3
1-0